| 000 | 00688nam a2200217Ia 4500 | ||
|---|---|---|---|
| 001 | 4216 | ||
| 003 | GE_BSU | ||
| 008 | 181216s||||||||xx |||||||||||||| ||und|| | ||
| 040 | _cGE_BSU | ||
| 080 | _a696.2(035.5) | ||
| 100 | _aБлоштейн,А.А. | ||
| 245 | _aМатериалы и изделия для систем газоснабжения. | ||
| 245 | _cред. В.Н. Рощина. А.А.Машков. | ||
| 260 | _aЛ. | ||
| 260 | _bНедра. | ||
| 260 | _c1971. | ||
| 300 | _a200стр. 19 см. 8 илл. 27 библиогр. | ||
| 300 | _e62 табл. | ||
| 653 | _aМатериалы и изделия для систем газоснабжения. | ||
| 942 | _cBK | ||
| 999 |
_c38226 _d38226 |
||